| 000 | 00323 a2200121 4500 | ||
|---|---|---|---|
| 020 | _a0072300922 | ||
| 082 | _a624.176 KEL | ||
| 100 | _aKelly,S.G. | ||
| 245 |
_aFundamentals of Mechanical Vibrations / _cS.G.Kelly |
||
| 250 | _a2nd. ed. | ||
| 260 |
_aBoston: _cMcGraw Hill , _b2000 |
||
| 300 |
_axi,629p. : _bill . ; _c25cm _e1 CD-ROM |
||
| 650 | _avibration | ||
| 999 |
_c1256 _d1256 |
||